000
00229nam a2200097Ia 4500
008
220204s9999 xx 000 0 und d
082
_a
954
_b
IND
245
0
_a
Eternal India
260
_a
Bombay
_b
B I Publications
_c
1978
942
_c
BK
999
_c
36260
_d
36260